MARC
| LEADER | 00000 a a2200000 04500 | ||
|---|---|---|---|
| 001 | 23087 | ||
| 003 | |||
| 040 | |||
| 090 | |a 159200 | ||
| 100 | |a Córdova Macías, Ricardo | ||
| 110 | |a Centro de Investigaciones Sociales | ||
| 245 | |a El Salvador: Perspectivas de Paz, versión preliminar / |c Centro de Investigaciones Sociales | ||
| 260 | |a Río Piedras: |b CIS | ||
| 300 | |a 45 p |b **no definido** | ||
| 710 | |a Consejo Latinoamericano de Ciencias Sociales |a UNAM |a Centro de Investigaciones Interdiciplinarias en Humanidades | ||
| 999 | |c 17165 |d 17165 | ||
